[Event "1st Chateau Montaiguillon Rapid 2019"]
[Site "Montagne"]
[Date "2019.09.08"]
[Round "8.5"]
[White "Cornette, Matthieu"]
[Black "Fournier, Loic"]
[Result "1-0"]
[WhiteElo "2558"]
[BlackElo "2135"]
[Annotator "TA"]
[PlyCount "37"]
[EventDate "2019.09.08"]
[EventType "swiss"]
[EventCountry "FRA"]
[SourceTitle "playchess.com"]
[Source "ChessBase"]
[SourceQuality "1"]

{[%evp 9,37,13,25,35,40,46,48,42,47,58,97,100,97,100,111,112,210,210,214,212,197,166,332,327,811,785,708,703,29990,29991]} 1. e4 c5 2. Nf3 Nc6 3. Bb5 g6 4. O-O Bg7 5. Nc3 Nf6 6. e5 {B31: Sicilian: 2...Nc6 3 Bb5 g6} Nh5 (6... Ng4 7. Bxc6 dxc6 8. Re1 O-O 9. d3 Nh6 10. h3 Nf5 11. Ne4 b6 12. Bf4 Nd4 13. c3 Nxf3+ 14. Qxf3 Be6 15. Qe3 Qd5 16. c4 Qd7 17. Bh6 Rfd8 18. Bxg7 Kxg7 {0-1 (44) Vidit,S (2707)-Li,C (2732) Liaocheng 2018}) 7. Re1 Nf4 8. d4 {White is slightly better.} cxd4 9. Nxd4 Nxd4 $146 ({Predecessor:} 9... Ne6 10. Nxe6 fxe6 11. Bxc6 bxc6 12. Qf3 Qc7 13. Qg3 O-O {½-½ (48) Rozentalis,E (2567)-Plat,V (2532) Germany 2016}) 10. Qxd4 Ne6 11. Qh4 $36 {[%mdl 2048] Keeping Black busy.} O-O 12. Bh6 Qb6 (12... d5 $16) 13. Bxg7 $18 Nxg7 14. Qxe7 Nf5 15. Qg5 a6 $2 {[#]} (15... d5) 16. Bd3 Qxb2 $2 (16... Qd8 17. Qxd8 Rxd8 18. Bxf5 gxf5) 17. Nd5 h6 18. Qf6 Ng7 19. Ne7+ {Accuracy: White = 100%, Black = 27%.} 1-0

[Event "1st Chateau Montaiguillon Rapid 2019"]
[Site "Montagne"]
[Date "2019.09.08"]
[Round "9.1"]
[White "Moussard, Jules"]
[Black "Mullon, Jean-Baptiste"]
[Result "1-0"]
[WhiteElo "2608"]
[BlackElo "2357"]
[Annotator "TA"]
[PlyCount "81"]
[EventDate "2019.09.08"]
[EventType "swiss"]
[EventCountry "FRA"]
[SourceTitle "playchess.com"]
[Source "ChessBase"]
[SourceQuality "1"]

{[%evp 18,80,13,17,14,14,15,12,20,5,19,25,23,0,0,0,22,0,12,0,0,0,0,0,0,0,0,-33,-18,-27,-18,-87,7,-14,22,-13,-16,-34,0,0,0,0,0,0,19,23,46,22,18,6,6,6,6,6,55,34,945,929,29989,29990,29990,29991,29993,29994,29999]} 1. e4 c5 2. d3 Nc6 3. g3 g6 4. Bg2 Bg7 5. f4 d6 6. Nf3 e6 7. O-O Nge7 8. c3 O-O 9. Be3 b6 10. d4 cxd4 {B20: Sicilian: Unusual White 2nd moves} (10... d5 11. e5 Nf5 12. Bf2 cxd4 13. cxd4 Ba6 14. Re1 Qd7 15. Qd2 Rac8 16. Na3 Rc7 17. g4 Nfe7 18. Nc2 {½-½ (48) Rapport,R (2738)-Shankland,S (2731) Prague 2019}) 11. cxd4 Na5 $146 ({Predecessor:} 11... d5 12. e5 Qd7 13. g4 Ba6 14. Rf2 Rac8 15. Nc3 Na5 16. Nh4 Nc4 17. Bc1 f5 18. exf6 Bxf6 {½-½ (85) Westerberg,J (2452)-Shevchenko,K (2270) Pardubice 2015}) 12. Qe2 Bb7 {The position is equal.} 13. Nc3 Rc8 14. Bf2 Rc7 15. Rac1 Qc8 16. Rfe1 Ba6 17. Qc2 b5 {[%cal Bb6b5,Bb5b4][%mdl 32] With the idea ...b4.} 18. Qb1 b4 $36 {[%mdl 2048] White is under pressure.} 19. Na4 Bb5 20. b3 Rxc1 21. Rxc1 Qd7 22. e5 Bxa4 23. bxa4 Nd5 24. Qc2 {[#]} (24. Qb2 $11 {keeps the balance.}) 24... Nb6 (24... Nc3 $1 $17) 25. Qb2 dxe5 26. Nxe5 Qxa4 27. Rc7 Bxe5 28. dxe5 Qd1+ 29. Bf1 Nac4 30. Qe2 ({Don't go for} 30. Qxb4 $2 Nd2 $19) 30... Qxe2 (30... Qb1 {is interesting.} 31. Rxc4 Nxc4 32. Qxc4 a5 33. Bd4 a4) 31. Bxe2 Nb2 32. Bd4 Rd8 33. Bc5 Nd5 34. Rxa7 h6 35. h4 Nc3 36. Bf3 $1 Rd3 $2 {[%mdl 8192] [#]} (36... Nd3 $14 37. Be7 Re8) 37. Ra8+ $18 Kg7 38. Be7 {White mates.} g5 39. h5 f5 40. exf6+ Kf7 41. Rf8# {Accuracy: White = 42%, Black = 43%.} 1-0

[Event "1st Chateau Montaiguillon Rapid 2019"]
[Site "Montagne"]
[Date "2019.09.08"]
[Round "9.2"]
[White "Fressinet, Laurent"]
[Black "Sochacki, Christophe"]
[Result "0-1"]
[WhiteElo "2633"]
[BlackElo "2479"]
[Annotator "TA"]
[PlyCount "70"]
[EventDate "2019.09.08"]
[EventType "swiss"]
[EventCountry "FRA"]
[SourceTitle "playchess.com"]
[Source "ChessBase"]
[SourceQuality "1"]

{[%evp 9,70,-18,-11,-30,-30,-35,-10,0,0,-8,8,6,4,5,21,9,20,20,24,27,22,10,104,0,0,0,0,0,6,-197,-177,-174,14,0,0,0,0,0,0,-36,0,-64,91,96,224,228,231,155,151,0,0,0,0,0,0,-29990,-29991,-29993,-29984,-29995,-29996,-29997,-29998]} 1. d4 Nc6 2. d5 Ne5 3. e4 e6 4. f4 exd5 5. Qxd5 Nc6 6. Nc3 $146 {A40: Unusual replies to 1 d4} ({Predecessor:} 6. Qd1 Bb4+ 7. c3 Bc5 8. Qf3 d6 9. Be3 Bxe3 10. Qxe3 Nf6 11. Nd2 O-O {0-1 (36) Altini,N (2354)-Godena,M (2526) Torino 2012}) 6... Nf6 7. Qd3 d5 {next ...dxe4 is good for Black.} 8. e5 {The position is equal.} Nb4 9. Qe2 Bg4 10. Nf3 Ne4 11. Nxe4 dxe4 12. Qxe4 Bxf3 13. gxf3 Qh4+ $1 14. Ke2 $1 O-O-O 15. Be3 {Rd1 is the strong threat.} g6 (15... Be7 $11 {remains equal.}) 16. a3 ({Don't play} 16. Bxa7 $6 f5 $11) (16. Bf2 $16 Qh6 17. Rd1 (17. Bxa7 Nd5 $14)) 16... Nd5 $1 $11 17. Rd1 c6 18. f5 Qh5 19. fxg6 $2 (19. Bxa7 $2 gxf5 20. Qc4 Bh6 $19) (19. h4 $11 {and White has nothing to worry.} Nxe3 20. Rxd8+ Kxd8 21. Qxe3 Qxf5 22. Qg5+ Qxg5 23. hxg5) 19... Bh6 $1 $19 20. Bxh6 {And now g7 would win.} Qxh6 $2 (20... f5 $1 $19 {[%cal Rf5e4]} 21. Qd4 Qxh6) 21. Kf2 ({But not} 21. gxf7 $2 Nf4+ 22. Kf2 Rxd1 $19) 21... hxg6 22. h4 Nf4 23. Rxd8+ Rxd8 24. Bd3 Kc7 {[%mdl 1024] Black has compensation.} 25. Kg3 (25. Qe3 $11) 25... g5 $2 {[#]} (25... Ne6 $15 {stays ahead.}) 26. h5 $1 $16 {[%mdl 512]} Re8 {[#]} (26... Rh8 $16) (26... Nxh5+ 27. Kf2) 27. Qf5 $1 $18 {[%cal Rf5f7]} Kb6 28. Kf2 ({Inferior is} 28. Qxf7 Rxe5 29. Qc4 Kc7 $11) 28... Qh8 {[#]} 29. h6 $2 (29. Qf6 $1 $16) 29... Rxe5 $11 30. Qxf7 {Threatens to win with Qb3+.} Rd5 {White must now prevent ...Qd4+.} 31. Qg7 Qe8 $1 32. h7 $2 {[%mdl 8192]} (32. Kg3 $11 Qe3 33. Qc3 Nxd3 34. cxd3 Rxd3 35. Qb4+ Ka6 36. Qc4+ Kb6 37. Qb4+ Ka6 38. Qc4+ Kb6 39. Qb4+) 32... Rxd3 {Black mates.} 33. Re1 Nh3+ 34. Kg2 Qxe1 35. cxd3 Nf4+ 0-1

[Event "1st Chateau Montaiguillon Rapid 2019"]
[Site "Montagne"]
[Date "2019.09.08"]
[Round "9.3"]
[White "Lagarde, Maxime"]
[Black "Cornette, Matthieu"]
[Result "1-0"]
[WhiteElo "2657"]
[BlackElo "2558"]
[Annotator "TA"]
[PlyCount "47"]
[EventDate "2019.09.08"]
[EventType "swiss"]
[EventCountry "FRA"]
[SourceTitle "playchess.com"]
[Source "ChessBase"]
[SourceQuality "1"]

{[%evp 18,47,32,22,29,29,35,8,19,18,10,12,22,-31,0,-11,43,35,56,40,48,51,102,112,107,92,184,127,122,122,208,212]} 1. e4 c5 2. Nc3 Nc6 3. Nf3 e5 4. Bc4 Be7 5. d3 d6 6. Nd2 Nf6 7. Nf1 Bg4 8. f3 Be6 9. Ne3 O-O 10. O-O Nd7 {B30: Sicilian: 2...Nc6 3 Bb5, lines without ...g6} (10... Nh5 11. g3 Bg5 12. Ncd5 Bxe3+ 13. Bxe3 Ne7 14. Bg5 Bxd5 15. Bxd5 h6 16. Bxe7 Qxe7 17. f4 Nf6 18. Bb3 {½-½ (57) Bacrot,E (2725)-Yu,Y (2751) Riadh 2017}) 11. a4 Bg5 12. g3 $146 ({Predecessor:} 12. Ncd5 Nb6 13. Nxb6 Bxe3+ 14. Bxe3 axb6 15. Bxe6 fxe6 16. f4 exf4 17. Bxf4 e5 18. Be3 Rxf1+ 19. Qxf1 {0-1 (36) Arenas Vanegas,D (2440)-Albornoz Cabrera,C (2578) Cartagena 2019}) 12... Nb6 {The position is equal.} 13. f4 exf4 14. gxf4 Bf6 15. Ncd5 (15. Bxe6 $11 fxe6 16. a5) 15... Bxd5 16. Nxd5 Nxd5 ({Better is} 16... Nxc4 $11 17. dxc4 Nb4) 17. Bxd5 $14 Qd7 18. c3 Ne7 19. Bb3 g6 {[#]} ({Black should play} 19... Rad8 $14) 20. f5 $1 $16 {[%mdl 512] Black must now prevent fxg6.} Kg7 (20... gxf5 21. Qh5) 21. Qf3 gxf5 (21... Nc6 $16) 22. Kh1 ({White should try} 22. Qh5 $18 {Hoping for Qh6+.} Kh8 23. Rf3 (23. Bxf7 Nc6 $16)) 22... Kh8 23. Bh6 {[%mdl 1024] White has strong compensation.} ({But not} 23. exf5 $6 d5 $14) 23... Be5 (23... Bg7 $16) 24. exf5 {Accuracy: White = 59%, Black = 21%.} 1-0

[Event "1st Chateau Montaiguillon Rapid 2019"]
[Site "Montagne"]
[Date "2019.09.08"]
[Round "9.4"]
[White "Calvo, Dylan"]
[Black "Daulyte-Cornette, Deimante"]
[Result "0-1"]
[WhiteElo "2012"]
[BlackElo "2412"]
[Annotator "NA"]
[PlyCount "96"]
[EventDate "2019.09.08"]
[EventType "swiss"]
[EventCountry "FRA"]
[SourceTitle "playchess.com"]
[Source "ChessBase"]
[SourceQuality "1"]
[TimeControl "720+3"]

1. d4 {[%emt 0:00:00]} d6 {[%emt 0:00:00]} 2. c4 {[%emt 0:00:01]} e5 {[%emt 0:00:05]} 3. dxe5 {[%emt 0:00:12]} dxe5 {[%emt 0:00:01]} 4. Qxd8+ {[%emt 0:00:03]} Kxd8 {[%emt 0:00:02]} 5. Nf3 {[%emt 0:00:24]} f6 {[%emt 0:00:08]} 6. g3 {[%emt 0:11:38]} Be6 {[%emt 0:00:11]} 7. b3 {[%emt 0:00:11]} Nc6 {[%emt 0:01:41]} 8. Bg2 {[%emt 0:00:05]} Nb4 {[%emt 0:00:11]} 9. Na3 {[%emt 0:00:20]} c6 {[%emt 0:00:10]} 10. O-O {[%emt 0:10:32]} Bc5 {[%emt 0:00:12]} 11. Bb2 {[%emt 0:00:32]} Ne7 {[%emt 0:00:28]} 12. Nd2 {[%emt 0:00:26]} Nf5 {[%emt 0:01:11]} 13. Ne4 {[%emt 0:00:26]} Be7 {[%emt 0:00:32]} 14. Rfc1 {[%emt 0:09:15]} Kc7 {[%emt 0:00:29]} 15. Nc2 {[%emt 0:08:29]} a5 {[%emt 0:00:37]} 16. Ne1 {[%emt 0:08:24]} Nd4 {[%emt 0:00:29]} 17. Bxd4 {[%emt 0:01:07]} exd4 {[%emt 0:00:01]} 18. a3 {[%emt 0:00:05]} Na6 {[%emt 0:00:08]} 19. Nd3 {[%emt 0:00:03]} f5 {[%emt 0:00:20]} 20. Nd2 {[%emt 0:00:25]} Nc5 {[%emt 0:00:17]} 21. Nxc5 {[%emt 0:01:25]} Bxc5 {[%emt 0:00:02]} 22. Nf3 {[%emt 0:00:02]} Rhd8 {[%emt 0:00:20]} 23. Ne5 {[%emt 0:00:01]} Be7 {[%emt 0:05:34]} 24. Nd3 {[%emt 0:00:01]} Ra6 {[%emt 0:00:33]} 25. a4 {[%emt 0:01:59]} Rb6 {[%emt 0:00:10]} 26. Rab1 {[%emt 0:00:04]} g5 {[%emt 0:01:37]} 27. Rd1 {[%emt 0:00:05]} Bb4 {[%emt 0:00:46]} 28. c5 {[%emt 0:00:29]} Ra6 {[%emt 0:00:01]} 29. Nxb4 {[%emt 0:00:01]} axb4 {[%emt 0:00:01]} 30. Rd3 {[%emt 0:00:52]} Ra5 {[%emt 0:02:39]} 31. Rc1 {[%emt 0:00:03]} Bf7 {[%emt 0:00:48]} 32. f4 {[%emt 0:00:51]} gxf4 {[%emt 0:00:27]} 33. gxf4 {[%emt 0:00:01]} Bd5 {[%emt 0:00:09]} 34. Bxd5 {[%emt 0:00:16]} Rxd5 {[%emt 0:00:02]} 35. Kf2 {[%emt 0:00:02]} Kd7 {[%emt 0:00:26]} 36. Rh3 {[%emt 0:00:02]} Raxc5 {[%emt 0:00:11]} 37. Rxh7+ {[%emt 0:00:02]} Kc8 {[%emt 0:00:11]} 38. Rg1 {[%emt 0:00:01]} Rd7 {[%emt 0:00:03]} 39. Rh8+ {[%emt 0:00:02]} Kc7 {[%emt 0:00:01]} 40. Rg5 {[%emt 0:00:01]} d3 {[%emt 0:00:10]} 41. exd3 {[%emt 0:00:02]} Rxd3 {[%emt 0:00:01]} 42. Rg3 {[%emt 0:00:19]} Rd2+ {[%emt 0:00:14]} 43. Ke1 {[%emt 0:00:02]} Rb2 {[%emt 0:00:05]} 44. Rh7+ {[%emt 0:00:01]} Kb6 {[%emt 0:00:01]} 45. Rd7 {[%emt 0:00:01]} Rc1+ {[%emt 0:00:05]} 46. Rd1 {[%emt 0:00:01]} Rcc2 {[%emt 0:00:01]} 47. h4 {[%emt 0:00:06]} Rh2 {[%emt 0:00:02]} 48. Kf1 {[%emt 0:00:10]} Rxh4 {[%emt 0:00:05]} 0-1

[Event "1st Chateau Montaiguillon Rapid 2019"]
[Site "Montagne"]
[Date "2019.09.08"]
[Round "9.5"]
[White "Favarel, Julien"]
[Black "Fritschy, Frits"]
[Result "1-0"]
[WhiteElo "2331"]
[BlackElo "2074"]
[Annotator "TA"]
[PlyCount "87"]
[EventDate "2019.09.08"]
[EventType "swiss"]
[EventCountry "FRA"]
[SourceTitle "playchess.com"]
[Source "ChessBase"]
[SourceQuality "1"]

{[%evp 11,87,27,94,126,189,190,410,406,529,532,503,331,491,203,186,188,188,186,197,196,29996,112,102,92,119,95,166,89,94,46,211,19,85,52,124,124,107,107,110,135,128,24,36,0,68,68,49,42,38,69,147,129,243,198,202,193,174,180,487,505,439,263,319,304,279,273,1199,372,328,306,294,287,957,886,12849,4775,29992,2664]} 1. e4 e6 2. d4 d5 3. exd5 exd5 4. Nf3 Bd6 5. c4 dxc4 6. Bxc4 Ne7 (6... Nf6 $11 {remains equal.}) 7. Ng5 $1 $16 {[%cal Rg5f7] D20: Queen's Gambit Accepted: 3 e3 and 3 e4} Bb4+ (7... O-O $16 {might work better.}) 8. Nc3 $18 Nd5 $2 (8... O-O {was worth a try.}) (8... O-O 9. O-O Qe8 10. Re1 h6 11. Nge4 Qc6 12. Qb3 a5 13. a3 Bxc3 14. bxc3 a4 {1-0 (39) Krustkalns,K (2155)-Siniauski,A (2199) Vilnius 2018}) 9. Qe2+ {White is winning.} (9. Bxd5 Qxd5 10. O-O Bxc3 $16) 9... Kf8 10. O-O (10. Bxd5 Qxd5 11. O-O Qf5 $16) 10... c6 $146 ({Predecessor:} 10... Bxc3 11. bxc3 c6 12. Re1 Bd7 13. Qh5 Be8 14. Bxd5 cxd5 15. Nxh7+ Kg8 16. Nf6+ gxf6 17. Qg4+ Kh7 18. Re3 {1-0 (18) Nagy,K (1952)-Nemeth,G (1835) Zalakaros 2010}) 11. Qh5 {[%csl Gg5][%cal Rh5f7]} Qd7 (11... Be6 $142 12. Nxe6+ fxe6) 12. Bd2 (12. Nxd5 $142 cxd5 13. Bxd5 $1 {[%mdl 512]}) 12... Bxc3 13. bxc3 h6 14. Rae1 g6 15. Qh4 $1 Qg4 $2 {[#]} (15... Kg7 $18) 16. Qxg4 $2 (16. Nh7+ $1 {[%mdl 512] mates} Rxh7 17. Bxh6+ Rxh6 18. Qxh6+ Kg8 19. Re8#) 16... Bxg4 $16 17. Ne4 Nd7 18. Nd6 Be6 (18... b5 $16 {was necessary.}) 19. Bb3 (19. f4 $18) 19... b5 20. f4 {aiming for f5.} Ke7 $2 (20... N7b6 $1 $14) 21. Ne4 $2 (21. Nxb5 $1 $18 {Threatens to win with c4.} a6 22. Na3) 21... Kf8 (21... f5 $11 22. Nf2 Kf7) 22. Ng3 {f5 is the strong threat.} Re8 (22... N7b6 $14) 23. f5 gxf5 24. Nxf5 Bxf5 25. Rxe8+ Kxe8 {[#]} 26. Rxf5 ({White has to play} 26. Bxd5 $1 $16 cxd5 27. Rxf5) 26... N7b6 $11 27. Rh5 Nf6 (27... Nc4 $1 $11 28. Bxc4 (28. Bxh6 Nxc3 29. Kf2 a5 $11) (28. Rxh6 Rxh6 29. Bxh6 Nxc3 $11) 28... bxc4) 28. Rxh6 $14 Rxh6 29. Bxh6 {[%mdl 4096] Endgame KBB-KNN} Ne4 30. h4 Ke7 ({Better is} 30... Nxc3 $14 31. Kf2 a5) 31. Bg7 $16 Ng3 (31... Nxc3 $16 32. h5 Nd7) 32. Be5 Ne2+ 33. Kf1 Nxc3 34. h5 Ncd5 $2 (34... Nd7 {is more resistant.} 35. h6 Nf8) 35. h6 $18 Nf6 {[#]} 36. g4 $1 {[%mdl 512]} Nbd5 (36... Nxg4 37. h7) 37. Ke2 {Strongly threatening Bc2.} Nh7 38. Bc2 f6 $2 (38... Ng5 39. a3 f6) 39. Bb8 $2 (39. Bxh7 fxe5 40. Be4 Nf4+ 41. Ke3) 39... Ng5 40. h7 Nf7 41. Bxa7 Nc3+ $2 (41... Kf8 42. Bc5+ Kg7) 42. Kd2 Nxa2 43. Bc5+ Ke6 44. Bg6 {Accuracy: White = 37%, Black = 18%.} (44. Bb3+ $142 Kd7 45. Bxf7 Nc3 46. Kxc3 f5 47. h8=Q f4 48. Qb8 b4+ 49. Bxb4 f3 50. Be8+ Ke6 51. Qe5#) 1-0